LEADER 01369nam2 22002771i 450 001 UON00431933 005 20231205104911.281 100 $a20131016d1894 |0itac50 ba 101 $agot 102 $aDE 105 $a|||| 1|||| 200 1 $aGoethes naturwissenschaftliche Schriften. 4.: Zur Farbenlehre, historischer Theil. 2. / Johann Wolfgang von Goethe 210 $aWeimar$cH. Böhlau$d1894 215 $aVIII, 512 p., [17] c. di tav.$d20 cm. 461 1$1001UON00431930$12001 $aGoethes Werke$fJohann Wolfgang von Goethe$gherausgegeben im Auftrage der Grossherzogin Sophie von Sachsen$1205 $aWeimar : H. Böhlau$b1890$1210 $av$1215 $a20 cm.$vII.4. 606 $aLetteratura tedesca$xSec. 18.-19.$3UONC061938$2FI 620 $aDE$dWeimar$3UONL000698 676 $a830.6$cLetteratura tedesca. Periodo classico, 1750-1830$v21 700 1$aGOETHE$bJohann Wolfgang : von$3UONV020096$0151776 712 $aBöhlau$3UONV246149$4650 801 $aIT$bSOL$c20251003$gRICA 899 $aSIBA - SISTEMA BIBLIOTECARIO DI ATENEO$2UONSI 912 $aUON00431933 950 $aSIBA - SISTEMA BIBLIOTECARIO DI ATENEO$dSI TED O. C. II GOE 04 $eSI ST 3749/67 5 04 $sBuono 996 $aGoethes naturwissenschaftliche Schriften. 4.: Zur Farbenlehre, historischer Theil. 2$91186363 997 $aUNIOR